Color atlas of infectiouss diseases / (Registro nro. 343)
[ vista simple ]
| 000 -LEADER | |
|---|---|
| fixed length control field | 00842 am a2200265 a 4500 |
| 005 - FECHA ULTIMA MODIFICACION | |
| control field | 20240227134233.0 |
| 008 - CAMPO DE CONTROL (LIBRO) | |
| fixed length control field | 100604s1995||||enka f |||| 001 0 eng d |
| 020 ## - INTERNATIONAL STANDARD BOOK NUMBER | |
| ISBN | 0723419973 |
| 041 ## - CODIGO DE IDIOMA | |
| Código de idioma del texto/pista de sonido o título separado | eng |
| 092 ## - SIGNATURA TOPOGRAFICA DEWEY LOCAL | |
| número de clasificación | 616.5 |
| libristica | 21 |
| sección | EMO |
| 100 1# - ENTRADA PRINCIPAL--NOMBRE PERSONAL | |
| Nombre personal | Emond, Ronald T. D. |
| 9 (RLIN) | 1255 |
| 245 ## - TITULO PROPIAMENTE DICHO | |
| Título | Color atlas of infectiouss diseases / |
| Mención de responsabilidad y remanente de la transcripción de la portada | Ronald T. D. Emondd |
| 250 ## - MENCION DE EDICION | |
| Mención de edición | 3rd ed. |
| 260 ## - PIE DE IMPRENTA | |
| Lugar de publicación, distribución, etc | London: |
| Nombre de la editorial, distribuidor, etc | Pfizer; |
| Fecha de publicación | 1995. |
| 300 ## - DESCRIPCION FISICA | |
| Extension | 439 p. |
| Otros detalles físicos | il. |
| 500 ## - NOTA GENERAL | |
| Nota general | Emond, R., Rowland, H. A. K. y Welsby, P. D. (1995). Color atlas of infectiouss diseases. (3rd ed.). London : Pfizer. |
| 653 ## - TÉRMINO INDIZADO - PALABRAS CLAVES | |
| Palabra clave | Bacterial and fungal infections |
| 653 ## - TÉRMINO INDIZADO - PALABRAS CLAVES | |
| Palabra clave | Virus infections |
| 653 ## - TÉRMINO INDIZADO - PALABRAS CLAVES | |
| Palabra clave | Protozoal infections |
| 653 ## - TÉRMINO INDIZADO - PALABRAS CLAVES | |
| Palabra clave | Miscellaneous conditions |
| 700 1# - ENTRADAS SECUNDARIAS - NOMBRE PERSONAL | |
| Nombre personal | Rowland, H. A. K. |
| 9 (RLIN) | 1256 |
| 700 1# - ENTRADAS SECUNDARIAS - NOMBRE PERSONAL | |
| Nombre personal | Welsby, Philips D. |
| 9 (RLIN) | 1257 |
| 930 ## - NUMERO DE INVENTARIO | |
| Número de inventario | 1725 |
| 942 ## - ADDED ENTRY ELEMENTS (KOHA) | |
| Source of classification or shelving scheme | Dewey Decimal Classification |
| Item type | Libros |
| Estado de retiro | Existencia | Estado general | No para prestamo | Ubicación permanente | ubicación actual | Sala de ubicación | Fecha de adquisición | Total Checkouts | Número de clasificación | Código de barras | Date last seen | Número de ejemplar | Price effective from | Koha tipo de elemento (item) |
|---|---|---|---|---|---|---|---|---|---|---|---|---|---|---|
| Biblioteca Medicina | Biblioteca Medicina | Circulación | 13/05/2011 | 616.5 21 EMO | 1725 | 06/11/2014 | ej.1 | 13/05/2011 | Libros |